| 000 | 00000nam##2200000za#4500 |
| 001 | 9.604258 |
| 003 | CaOODSP |
| 005 | 20210624211500 |
| 007 | cr ||||||||||| |
| 008 | 150406|2006||||xxc|||||o f|0| 0 fre|d |
| 040 | |aCaOODSP|bfre |
| 043 | |an-cn--- |
| 086 | 1 |aTU3-5/06-18F-PDF |
| 110 | 2 |aBureau de la sécurité des transports du Canada. |
| 245 | 10|aPerte de maîtrise et collision au sol du Piper PA-34-200T (Seneca II) C-GOLY à Edson (Alberta), le 11 juillet 2006 |h[ressource électronique] |
| 260 | |aGatineau - Québec : |bBureau de la sécurité des transports du Canada |c2007. |
| 300 | |a8p.|bcarte, photographies |
| 490 | 1 |aRapport d'enquête aéronautique |vA06W0111 |
| 500 | |a« Le Bureau a autorisé la publication du rapport le 25 avril 2007 » --p.8. |
| 590 | |a12-33-Supp|b2012-07-18 |
| 775 | 08|tLoss of control – collision with ground - Piper PA-34-200T (Seneca II) C-GOLY, Edson, Alberta, 11 July 2006 |w(CaOODSP)9.574514 |
| 830 | #0|aRapport d'enquête aéronautique ;|vA06W0111|w(CaOODSP)9.501229 |
| 856 | 40|ahttp://publications.gc.ca|qPDF|s296 Ko|uhttps://publications.gc.ca/collections/collection_2012/bst-tsb/TU3-5-06-18-fra.pdf|yA06W0111 |